Chirana vyprášila Michalovce Extraliga hádzanárok - 6. kolo: Tretí gól brankárky Kuklovej!

Bibliographic Details
Format: Article
Language:Slovak
PhysicalDescription:Obr.
Subjects:

MARC

LEADER 00000nab a2200000 a 4500
001 vtls000733740
003 SK-MaSNL
005 20260302193100.0
008 180207c2000 xo 0 slo
015 |a SNBRB2000/10-28216 
035 |a CLN000085846 
040 |a SNKBUCL  |b slo  |c SNKBUCL  |e AACR2 
041 0 |a slo 
044 |a xo  |c SK 
080 |a 796.322.093.1  |2 UDC-MRF-SK2 
245 0 0 |a Chirana vyprášila Michalovce  |b Extraliga hádzanárok - 6. kolo: Tretí gól brankárky Kuklovej! 
300 |b Obr. 
650 0 7 |a hádzaná  |x ženy  |x Extraliga  |y sezóna 2000/2001  |x kolo 6.  |2 snkbucl  |9 911205 
655 7 |a články z novín a časopisov  |2 snkbucl  |9 267496 
773 0 |t Šport  |g Roč. 54, č. 226 (2.10.2000), s. 41 
850 |a Slovenská národná knižnica v Martine 
852 |a SNK  |b KIS3GCP 
958 |a RBX 
999 |c 1443218  |d 1445148